En torno a Santa Rufina (Record no. 233)
[ view plain ]
| 000 -CABECERA | |
|---|---|
| campo de control de longitud fija | 01037nam a2200265 a 4500 |
| 001 - NÚMERO DE CONTROL | |
| campo de control | BRCA_289 |
| 005 - FECHA Y HORA DE LA ÚLTIMA TRANSACCIÓN | |
| campo de control | 20190320202940.0 |
| 008 - DATOS DE LONGITUD FIJA--INFORMACIÓN GENERAL | |
| campo de control de longitud fija | 930719s2008 sp-a---###---#000-0#spa-# |
| 020 ## - NÚMERO INTERNACIONAL ESTÁNDAR DEL LIBRO | |
| Número Internacional Estándar del Libro | 9788489895188 |
| 041 ## - CÓDIGO DE LENGUA | |
| Código de lengua del texto/banda sonora o título independiente | spaeng |
| 044 ## - CÓDIGO DEL PAÍS DE LA ENTIDAD EDITORA/PRODUCTORA | |
| Código MARC del país | sp |
| 050 #4 - SIGNATURA TOPOGRÁFICA DE LA BIBLIOTECA DEL CONGRESO | |
| Número de clasificación | ND813.V4 |
| Número de documento/Ítem | .T67 2008 |
| 245 10 - MENCIÓN DE TÍTULO | |
| Título | En torno a Santa Rufina |
| Resto del título | Velázquez de lo íntimo a lo cortesano |
| Mención de responsabilidad, etc. | Benito Navarrete Prieto ... [et al.]. |
| 260 ## - PUBLICACIÓN, DISTRIBUCIÓN, ETC. | |
| Lugar de publicación, distribución, etc. | Sevilla |
| Nombre del editor, distribuidor, etc. | Fundación Focus-Abengoa, Centro Velázquez : Ayuntamiento de Sevilla |
| Fecha de publicación, distribución, etc. | 2008 |
| 300 ## - DESCRIPCIÓN FÍSICA | |
| Extensión | 165 p. |
| Otras características físicas | il. (algunas a color) |
| Dimensiones | 26 cm. |
| 500 ## - NOTA GENERAL | |
| Nota general | Incluye lista de figuras en inglés |
| 500 ## - NOTA GENERAL | |
| Nota general | Catálogo de la exposición realizada en Sevilla, 4 marzo - 4 mayo, 2008 |
| 504 ## - NOTA DE BIBLIOGRAFÍA, ETC. | |
| Nota de bibliografía, etc. | Bibliografía: p. 159-165 |
| 546 ## - NOTA DE LENGUA/LENGUAJE | |
| Nota de lengua/lenguaje | Texto en: español e inglés |
| 600 14 - PUNTO DE ACCESO ADICIONAL DE MATERIA--NOMBRE DE PERSONA | |
| Nombre de persona | Velázquez, Diego Rodríguez de Silva y |
| Fechas asociadas al nombre | 1599-1660 |
| Subdivisión general | Crítica e interpretación |
| 9 (RLIN) | 969 |
| 650 14 - PUNTO DE ACCESO ADICIONAL DE MATERIA--TÉRMINO DE MATERIA | |
| Término de materia o nombre geográfico como elemento de entrada | Pintura |
| Subdivisión cronológica | Siglo XVII |
| Subdivisión geográfica | España |
| 9 (RLIN) | 970 |
| 650 14 - PUNTO DE ACCESO ADICIONAL DE MATERIA--TÉRMINO DE MATERIA | |
| Término de materia o nombre geográfico como elemento de entrada | Pintores españoles |
| Subdivisión cronológica | Siglo XVII |
| 9 (RLIN) | 971 |
| 700 1# - PUNTO DE ACCESO ADICIONAL--NOMBRE DE PERSONA | |
| Nombre de persona | Navarrete Prieto, Benito |
| 9 (RLIN) | 972 |
| 942 ## - ELEMENTOS DE PUNTO DE ACCESO ADICIONAL (KOHA) | |
| Fuente del sistema de clasificación o colocación | Library of Congress Classification |
| Tipo de ítem Koha | Libros |
| Estado de retiro | Estado de pérdida | Estado dañado | No para préstamo | Localización permanente | Ubicación/localización actual | Fecha de adquisición | Total de préstamos | Signatura topográfica completa | Código de barras | Fecha visto por última vez | Precio válido a partir de | Tipo de ítem Koha |
|---|---|---|---|---|---|---|---|---|---|---|---|---|
| El ejemplar forma parte de la colección y puede ser consultado según las políticas vigentes. | Biblioteca del Museo Franz Mayer (Rogerio Casas-Alatriste) | Biblioteca del Museo Franz Mayer (Rogerio Casas-Alatriste) | 25/06/2008 | ND813.V4 .T67 2008 | 00382 | 22/03/2019 | 22/03/2019 | Libros |